000 00382nam a2200169Ia 4500
008 221030s9999 xx 000 0 und d
020 _a8120315561
041 _aEnglish
082 _a105.23
_bMey
100 _aM. W. Meyer
245 0 _aComputers in Your Future
260 _bPHI
_aNew Delhi
_c1999
300 _a12.55
650 _aComputers
700 _aR. L. Baber
942 _cBK
999 _c64
_d64